Gerichtsbezirke Österreichs auf einer Karte - Statistiken

Allgemein
  • Dieses Quiz wurde 481 mal gespielt
    347 seit der letzten Aktualisierung
  • Das Durchschnittsergebnis liegt bei 62 aus 112
Antworten auf der Karte
Die Antworten werden auf der Karte rot bzw. grün angezeigt, abhängig davon wie oft sie richtig erraten wurden.
 
Antwortstatistiken
Landesgericht Gerichtsbezirk % Korrekt
Wien Innere Stadt Wien
91%
Linz Linz
87%
Innsbruck Innsbruck
86%
Feldkirch Bregenz
86%
Salzburg Salzburg
86%
Graz Graz-Ost
83%
Graz Graz-West
83%
Klagenfurt Klagenfurt
83%
Feldkirch Feldkirch
80%
Feldkirch Dornbirn
80%
Eisenstadt Eisenstadt
78%
Klagenfurt Villach
78%
St. Pölten St. Pölten
77%
Wels Wels
77%
Wiener Neustadt Wiener Neustadt
75%
Feldkirch Bludenz
74%
Ried im Innkreis Braunau am Inn
74%
Innsbruck Lienz
73%
Steyr Steyr
71%
Innsbruck Hall in Tirol
71%
Innsbruck Kitzbühel
71%
Innsbruck Imst
70%
Innsbruck Kufstein
70%
Salzburg Zell am See
69%
Innsbruck Zell am Ziller
69%
Salzburg Hallein
68%
Leoben Liezen
68%
Salzburg Sankt Johann im Pongau
68%
Korneuburg Bruck an der Leitha
66%
Leoben Bruck an der Mur
66%
Krems an der Donau Gmünd
66%
Wiener Neustadt Baden
65%
Wiener Neustadt Mödling
65%
Klagenfurt Wolfsberg
65%
St. Pölten Amstetten
64%
Krems an der Donau Krems an der Donau
64%
Leoben Leoben
64%
Innsbruck Schwaz
64%
Eisenstadt Neusiedl am See
63%
Klagenfurt Spittal an der Drau
63%
Korneuburg Korneuburg
62%
Innsbruck Reutte
62%
Wels Gmunden
61%
Ried im Innkreis Ried im Innkreis
60%
Innsbruck Landeck
60%
Eisenstadt Mattersburg
60%
St. Pölten Tulln
60%
Krems an der Donau Waidhofen an der Thaya
60%
St. Pölten Waidhofen an der Ybbs
60%
Klagenfurt Hermagor
59%
Graz Leibnitz
59%
St. Pölten Melk
59%
Eisenstadt Oberwart
59%
Salzburg Tamsweg
59%
Korneuburg Gänserndorf
58%
Leoben Murau
58%
Klagenfurt Sankt Veit an der Glan
58%
Ried im Innkreis Schärding
58%
Krems an der Donau Horn
57%
Wiener Neustadt Neunkirchen
57%
Linz Perg
57%
Klagenfurt Feldkirchen
56%
St. Pölten Lilienfeld
55%
Eisenstadt Oberpullendorf
55%
Krems an der Donau Zwettl
55%
Graz Deutschlandsberg
54%
Wien Donaustadt
54%
Linz Freistadt
54%
Korneuburg Hollabrunn
54%
Korneuburg Mistelbach
54%
Linz Rohrbach
54%
Korneuburg Schwechat
54%
Wels Vöcklabruck
54%
Graz Fürstenfeld
53%
Eisenstadt Güssing
53%
Korneuburg Klosterneuburg
53%
Linz Urfahr
53%
Graz Weiz
53%
Wels Eferding
52%
Wien Favoriten
51%
Klagenfurt Völkermarkt
51%
Wien Floridsdorf
50%
Wels Grieskirchen
50%
Leoben Mürzzuschlag
49%
St. Pölten Scheibbs
49%
Graz Voitsberg
49%
Steyr Kirchdorf an der Krems
48%
Wien Meidling
45%
Leoben Schladming
44%
Wien Döbling
42%
Leoben Judenburg
42%
Wels Bad Ischl
39%
Wien Hietzing
38%
Wien Liesing
38%
Wien Leopoldstadt
37%
Wien Josefstadt
34%
Linz Traun
34%
Graz Feldbach
30%
Wien Hernals
30%
Innsbruck Telfs
29%
Klagenfurt Bleiburg
27%
Salzburg Seekirchen
26%
Klagenfurt Ferlach
23%
St. Pölten Haag
23%
St. Pölten Purkersdorf
22%
St. Pölten Neulengbach
21%
Ried im Innkreis Mattighofen
20%
Innsbruck Rattenberg
18%
Feldkirch Bezau
15%
Wien Fünfhaus
15%
Klagenfurt Eisenkappel
14%
Innsbruck Silz
8%
Keine übereinstimmenden Quizze gefunden
Verteilung der Resultate
Anzahl Personen mit jedem Resultat
Perzentil nach korrekt beantworteten Fragen
Ihre Resultats-Entwicklung
Sie haben dieses Quiz seit der letzten Aktualisierung nicht gespielt